000 00851nam a22002297a 4500
999 _c5
_d5
003 AR-CdUCM
008 190220b ||||| |||| 00| 0 spa d
040 _aMUNICIPALIDAD PROVINCIAL DEL CUSCO
_cBIBLIOTECA MUNICIPAL DEL CUSCO
082 _a923.2 /
_bC73
100 _aComité editorial para la breve biografía de Kim Il Sung
_921
245 _aKim Il Sung :
_bbreve biografía /
_cComité editorial para la breve biografía de Kim Il Sung
260 _aCorea :
_bComité editorial para la breve biografía de Kim Il Sung ,
_c1972
300 _a500 paginas ;
_bfotografías ,
_c22 cm.
505 _aT.1-T.2 : Contenido: Biografía de Kim Il Sung
650 _aBiografía.
_922
650 _aKim Il Sung.
_923
650 _aMarxismo.
_924
650 _aLeninista.
_925
650 _arevolucionario.
_926
942 _2ddc
_cLIBROS
945 _awfj
_d2019-02-20